Собрание сочинений: Ноты. Т. 20: Прощание с... | Если звезды зажигают... (Запись № 13649484)
[ простой вид ]
| 000 -МАРКЕР | |
|---|---|
| контрольное поле | 02812ncm2a2200433 4500 |
| 001 - ИДЕНТИФИКАТОР ЗАПИСИ | |
| контрольное поле | RU\NLR\ONIZ\212238 |
| 005 - ИДЕНТИФИКАТОР ВЕРСИИ | |
| контрольное поле | 20260529161549.0 |
| 013 ## - МЕЖДУНАРОДНЫЙ СТАНДАРТНЫЙ НОМЕР ИЗДАНИЯ МУЗЫКАЛЬНОГО ПРОИЗВЕДЕНИЯ (ISMN) | |
| Номер (ISMN) | 979-0-66000-082-3 |
| 021 ## - НОМЕР ГОСУДАРСТВЕННОЙ РЕГИСТРАЦИИ | |
| Код страны | Российская Федерация |
| Номер | 10-566н |
| Номер Листа государственной регистраци | 10-49н |
| 035 ## - ДРУГИЕ СИСТЕМНЫЕ НОМЕРА | |
| Идентификатор записи | (NLR Aleph) 010891770 |
| 071 20 - ИЗДАТЕЛЬСКИЙ НОМЕР | |
| Номер, присвоенный агентством | с 4898 к |
| 100 ## - ДАННЫЕ ОБЩЕЙ ОБРАБОТКИ | |
| Данные общей обработки | 20150625d2010 |||y0rusy50 ca |
| 101 0# - ЯЗЫК РЕСУРСА | |
| Язык текста, звукозаписи и т.д. | английский |
| -- | русский |
| 125 ## - ПОЛЕ КОДИРОВАННЫХ ДАННЫХ: ЗВУКОЗАПИСИ И НОТНЫЕ ИЗДАНИЯ | |
| Форма изложения нотного текста | zx |
| 145 0# - ПОЛЕ КОДИРОВАННЫХ ДАННЫХ: СРЕДСТВО ИСПОЛНЕНИЯ МУЗЫКАЛЬНОГО ПРОИЗВЕДЕНИЯ (УСТАРЕВШЕЕ) | |
| Тип средства исполнения | c |
| 200 1# - ЗАГЛАВИЕ И СВЕДЕНИЯ ОБ ОТВЕТСТВЕННОСТИ | |
| Основное заглавие | Прощание с... |
| Общее обозначение материала | Ноты |
| Сведения, относящиеся к заглавию | симфония-фантазия |
| -- | для симф. орк. (2005) |
| Основное заглавие | Если звезды зажигают... |
| Сведения, относящиеся к заглавию | вок.-поэт. сюита |
| -- | для баса, чтеца и симф. орк. на ранние стихи Маяковского (2006) |
| -- | последние симфонические произведения |
| Первые сведения об ответственности | [2 предисл.: изд. и К. Учителя] |
| 208 ## - ОБЛАСТЬ СПЕЦИФИЧЕСКИХ СВЕДЕНИЙ: НОТНЫЕ ИЗДАНИЯ | |
| Форма изложения нотного текста | Партитура |
| 210 ## - ПУБЛИКАЦИЯ, РАСПРОСТРАНЕНИЕ И ДР. | |
| Дата издания, распространения и т.д. | 2010 |
| 215 ## - ФИЗИЧЕСКАЯ ХАРАКТЕРИСТИКА | |
| Специфическое обозначение материала и объем | 208 с. |
| 423 #0 - ИЗДАЕТСЯ В ОДНОЙ ОБЛОЖКЕ ВМЕСТЕ С ... | |
| Встроенное поле | 2001#$aЕсли звезды зажигают...$eвок.-поэт. сюита для баса, чтеца, и симф. орк на ранние стихи Маяковского |
| -- | 215##$a103-207 с. |
| -- | 702#1$9z01790$aМаяковский$bВ. В.$gВладимир Владимирович$f1893-1930$3RU\NLR\AUTH\775761$4520 |
| -- | 790#1$9z01702$aMajakovskij$bV. V.$gVladimir Vladimirovic$f1893-1930$4520$7ba |
| Заглавие | Если звезды зажигают... |
| 461 #0 - УРОВЕНЬ НАБОРА | |
| Встроенное поле | 001RU\NLR\ONIZ\212231 |
| -- | 2001#$aСобрание сочинений$bНоты$dCollected Works$eв 20 т.$zeng$fА. П. Петров$gФонд сохранения и развития творческого наследия композитора А. П. Петрова$vТ. 20 |
| -- | 700#1$9z01790$aПетров$bА. П.$gАндрей Павлович$f1930-2006$4230$7ca |
| Системный номер (АБИС) связанной записи | 10557951 |
| Автор | Петров, А. П. (1930-2006) |
| Место публикации | Санкт-Петербург |
| Дата публикации | 2010 ?- |
| Первые сведения об ответственности | А. П. Петров |
| Параллельное заглавие | Collected Works |
| Имя издателя, распространителя и т.д. | Композитор-Санкт-Петербург |
| Сведения, относящиеся к заглавию | в 20 т. |
| Заглавие | Собрание сочинений: Ноты |
| Номер тома | Т. 20 |
| 686 ## - ИНДЕКСЫ ДРУГИХ КЛАССИФИКАЦИЙ | |
| Индекс | Щ951.1-040(2Р)я44 |
| Издание | LBC/SL |
| Код системы | |
| 686 ## - ИНДЕКСЫ ДРУГИХ КЛАССИФИКАЦИЙ | |
| Индекс | Щ965(2Р)я44 |
| Издание | LBC/SL |
| Код системы | |
| 702 #1 - ИМЯ ЛИЦА - ВТОРИЧНАЯ ОТВЕТСТВЕННОСТЬ | |
| Связь между полями | z02790 |
| Начальный элемент ввода | Учитель |
| Часть имени, кроме начального элемента ввода | К. А. |
| Даты | 1968- |
| Расширение инициалов личного имени | Константин Александрович |
| Код отношения | Автор введения, предисловия, примечания и т.п. |
| 790 #1 - ИМЯ ЛИЦА - АЛЬТЕРНАТИВНАЯ ФОРМА | |
| Связь между полями | z02702 |
| Начальный элемент ввода | Uchitel |
| Часть имени, кроме начального элемента ввода | K. A. |
| Даты | 1968- |
| Расширение инициалов личного имени | Konstantin Alexandrovich |
| Код отношения | Автор введения, предисловия, примечания и т.п. |
| 801 #0 - ИСТОЧНИК ЗАПИСИ | |
| Страна | Российская Федерация |
| Организация | NLR |
| Дата составления | 20150625 |
| Правила каталогизации | PSBO |
| 801 #1 - ИСТОЧНИК ЗАПИСИ | |
| Страна | Российская Федерация |
| Организация | NLR |
| Дата составления | 20150625 |
| Источник данных | rusmarc |
| 801 #2 - ИСТОЧНИК ЗАПИСИ | |
| Страна | Российская Федерация |
| Организация | NLR |
| Дата составления | 20240531 |
| 852 ## - МЕСТОНАХОЖДЕНИЕ И ШИФР ХРАНЕНИЯ | |
| Идентификатор организации | NLR |
| Шифр хранения (Call Number) | М 950-3/П.305(20)в,га |
| Идентификатор единицы | МОЭ 2010-49н/566на |
| Номер экземпляра | 7 |
| 852 ## - МЕСТОНАХОЖДЕНИЕ И ШИФР ХРАНЕНИЯ | |
| Идентификатор организации | NLR |
| Шифр хранения (Call Number) | М 950-3/П.305(20)д |
| Идентификатор единицы | 259074 |
| Номер экземпляра | 6 |
| 852 ## - МЕСТОНАХОЖДЕНИЕ И ШИФР ХРАНЕНИЯ | |
| Идентификатор организации | NLR |
| Шифр хранения (Call Number) | М 950-3/П.305(20)в,г |
| Идентификатор единицы | МОЭ 2010-49н/566н |
| Номер экземпляра | 5 |
| 852 ## - МЕСТОНАХОЖДЕНИЕ И ШИФР ХРАНЕНИЯ | |
| Идентификатор организации | NLR |
| Шифр хранения (Call Number) | М 950-3/П.305(20)б |
| Идентификатор единицы | 257529 |
| Номер экземпляра | 3 |
| 852 ## - МЕСТОНАХОЖДЕНИЕ И ШИФР ХРАНЕНИЯ | |
| Идентификатор организации | NLR |
| Шифр хранения (Call Number) | М 950-3/П.305(20)а |
| Идентификатор единицы | 257325 |
| Номер экземпляра | 2 |
| 852 ## - МЕСТОНАХОЖДЕНИЕ И ШИФР ХРАНЕНИЯ | |
| Идентификатор организации | NLR |
| Шифр хранения (Call Number) | М 950-3/П.305(20) |
| Идентификатор единицы | 280955 |
| Номер экземпляра | 1 |
| 942 ## - ДОПОЛНИТЕЛЬНЫЕ ЭЛЕМЕНТЫ ЗАПИСИ (АБИС) | |
| Тип экземпляра АБИС | Ноты |
| 980 ## - КОЛЛЕКЦИЯ | |
| Название коллекции | Отдел нот и звукозаписей |
| 980 ## - КОЛЛЕКЦИЯ | |
| Название коллекции | Национальная библиография |
Нет доступных экземпляров.